书目信息 |
| 题名: |
幸福女人
|
|
| 作者: | 胡玲莉 编著 | |
| 分册: | ||
| 出版信息: | 北京 中国商业出版社 2004.01 |
|
| 页数: | 418页 | |
| 开本: | 21cm | |
| 丛书名: | ||
| 单 册: | ||
| 中图分类: | B844.5 | |
| 科图分类: | ||
| 主题词: | 妇女心理学--fu nv xin li xue--成功心理学 | |
| 电子资源: | ||
| ISBN: | 7-5044-4583-5 | |
| 000 | 00992nam0 2200277 450 | |
| 001 | CAL 012002181251 | |
| 005 | 20041009155919.6 | |
| 010 | @a7-5044-4583-5@d23.00CNY | |
| 099 | @aCAL 012002181251 | |
| 100 | @a20020912d2004 em y0chiy0120 ea | |
| 101 | 0 | @achi |
| 102 | @aCN@b110000 | |
| 105 | @ay z 000yy | |
| 200 | 1 | @a幸福女人@Axing fu nv ren@e获得人生幸福的100种方法@f胡玲莉编著 |
| 210 | @a北京@c中国商业出版社@d2004.01 | |
| 215 | @a418页@c图@d21cm | |
| 312 | @a封面并列题名:Fortunate woman : One handred ways to get the happiness in your life | |
| 510 | 1 | @aFortunate woman@eOne hundred ways to get the happiness in your life@zeng |
| 517 | 1 | @a获得人生幸福的100种方法@Ahuo de ren sheng xing fu de 100 zhong fang fa |
| 606 | 0 | @a妇女心理学@Afu nv xin li xue@x成功心理学 |
| 690 | @aB844.5@v4 | |
| 701 | 0 | @a胡玲莉@Ahu ling li@4编著 |
| 801 | 0 | @aCN@bXJT@c20020912 |
| 905 | @a10447@dB844.5@eH480 | |
| 906 | @b黄河水利职业技术学院图书馆@dCNY 23.00@n3@r1 | |
| 998 | @aXJT | |
| 幸福女人:获得人生幸福的100种方法/胡玲莉编著.-北京:中国商业出版社,2004.01 |
| 418页:图;21cm |
| ISBN 7-5044-4583-5:23.00CNY |
| ● |
| 相关链接 |
|
|
|
正题名:幸福女人
索取号:B844.5/H480
 
预约/预借
| 序号 | 登录号 | 条形码 | 馆藏地/架位号 | 状态 | 备注 |
| 1 | 534080 | 205340807 | 社科库509/509社科库 39排2列5层/ [索取号:B844.5/H480] | 在馆 | |
| 2 | 534081 | 205340816 | 社科库509/509社科库 39排2列5层/ [索取号:B844.5/H480] | 在馆 | |
| 3 | 534082 | 205340825 | 社科库509/509社科库 39排2列5层/ [索取号:B844.5/H480] | 在馆 |